| 000 | 00577nam a2200205Ia 4500 | ||
|---|---|---|---|
| 005 | 20250508163726.0 | ||
| 008 | 008 250505s9999 xx 000 0 eng d | ||
| 020 | _a81-7100-678-X | ||
| 037 | _aTextual | ||
| 040 |
_aFEDL _beng _cFEDL |
||
| 041 |
_aeng _2eng |
||
| 084 |
_a379.111, GOE _qFEDL |
||
| 100 | _aGoel S L | ||
| 245 | 0 | _aEducation policy and administration | |
| 260 |
_aNew Delhi, India _bDeep and Deep Publications _c1994 |
||
| 300 | _aix,350p. | ||
| 700 |
_a Goel Aruna _9776125 |
||
| 942 |
_cTEXL _h379.111, GOE |
||
| 999 |
_c1384917 _d1384917 |
||